Essai sur soi - meme
Zapisane w:
| 1. autor: | |
|---|---|
| Format: | Książka |
| Język: | francuski |
| Wydane: |
París
Fan Morgana
1986
|
| Seria: | A Fontfroide, Bibliothéque Artistique and Littéraire
|
| Hasła przedmiotowe: | |
| Etykiety: |
Dodaj etykietę
Nie ma etykietki, Dołącz pierwszą etykiete!
|
MARC
| LEADER | 00000cam a2200000 a 4500 | ||
|---|---|---|---|
| 001 | UCD7640 | ||
| 003 | CL-VaPUC | ||
| 008 | 170331e19860000fr |||||||||||||||||fre|d | ||
| 082 | 0 | 4 | |a 844 |b SEG |2 21 |
| 100 | 0 | |a Segalen, Victor |e author |9 333858 | |
| 245 | 1 | 0 | |a Essai sur soi - meme |
| 300 | |a pág. irreg | ||
| 942 | |c BK | ||
| 945 | |d 20170331 00:58:00 |a arojas | ||
| 260 | |a París |b Fan Morgana |c 1986 | ||
| 650 | 0 | |a Ensayos franceses |9 265511 | |
| 650 | 0 | |a Literatura francesa |9 266330 | |
| 583 | |a last modification |c 20170331 00:58:00 |k Rodrigo Vera | ||
| 490 | 0 | |a A Fontfroide, Bibliothéque Artistique and Littéraire | |
| 999 | |c 367614 |d 367612 | ||
| 952 | |0 0 |1 0 |3 erb |4 0 |6 844_000000000000000_SEG_1986 |7 0 |8 A |9 482601 |a BIBART |b BIBART |i 5239826 |o 844 SEG 1986 |p 5239826 |r 2025-03-13 |w 2019-11-24 |y BK |z Catalogado en:20170331 |k ART | ||